| 000 | 01510cam a22003015i 4500 | ||
|---|---|---|---|
| 999 |
_c19289 _d19261 |
||
| 001 | 18045192 | ||
| 003 | EG-ScBUE | ||
| 005 | 20200203111036.0 | ||
| 008 | 140224s2014 mau f 001 0 eng d | ||
| 020 | _a9780415710893 (pbk) | ||
| 040 |
_aDLC _beng _erda _cDLC _dEG-ScBUE |
||
| 082 | 0 | 4 |
_a808.225 _bCOO _222 |
| 100 | 1 |
_aCook, Martie, _eauthor. _937946 |
|
| 245 | 1 | 0 |
_aWrite to TV : _bout of your head and onto the screen / _cMartie Cook. |
| 250 | _aSecond edition. | ||
| 264 | 1 |
_aBurlington, MA. ; _aAbingdon, Oxon : _bFocal Press / Taylor & Francis Group, _c2014. |
|
| 300 |
_axxvi, 375 pages ; _c23 cm |
||
| 336 |
_atext _btxt _2rdacontent |
||
| 337 |
_aunmediated _bn _2rdamedia |
||
| 338 |
_avolume _bnc _2rdacarrier |
||
| 500 | _aFirst published 2007. | ||
| 500 | _aIndex : p. 365-375. | ||
| 520 | _aLearn to craft smart, original stories and scripts for a variety of television formats and genres, including comedy, drama, pilots, animation, made-for-TV movies, late night, and reality television. Hear directly from studio and network executives, agents, and managers on what they're looking for in new writers and how to avoid common pitfalls. Gain access to sample outlines, script pages, checklists, and countless other invaluable resources that will help you break into the industry and put you on the path to immediate success.In Write to TV, Second Edition industry ve. | ||
| 650 | 7 |
_aTelevision authorship. _2BUEsh _937947 |
|
| 651 | _2BUEsh | ||
| 653 |
_bCOMAME _cMay2015 |
||
| 942 |
_2ddc _cBB |
||